Statistics for Arrested Development Quotes Quiz

Click here to take the quiz!

General Stats

  • This quiz has been taken 338 times
    (70 since last reset)
  • The average score is 13 of 15

Answer Stats

Speaker(s)Quote% Correct
GOB"I've made a huge {mistake}"
100%
Kitty"Say goodbye to {these}!"
98%
George Sr."There's always money in the {banana} {stand}"
97%
Steve Holt"{Steve} {Holt}!"
97%
Prison guards"No {touching}!"
95%
Maeby"{Marry} me!"
94%
J Walter Weatherman"That's why you always leave a {note}"
91%
Tobias"I just {blue} myself."
89%
Buster"Heyyy {brother}"
82%
Various"Ann." - "{Her}?"
82%
Buster"I'm a {monster}!"
78%
Michael/Lindsay"It's like we finish eachother's {sandwiches}"
78%
Various, referring to the stair-car"You're going to get some {hop}-{ons}"
72%
Lucille & Oscar"You're high!" - "You're {drunk}!"
72%
Various & Michael"The {O.C.}" - "Don't call it that."
48%

Score Distribution

Percentile by Number Answered

Percent of People with Each Score

Your Score History

You have not taken this quiz since the last reset